Милые красавицы России: стихи

Sonraí bibleagrafaíochta
Rannpháirtithe: Давыдычев Л. И. (составитель), Тарасова М. (иллюстратор)
Achoimre:Авт. указаны в содерж.
В суперобложке.
Teanga:Rúisis
Foilsithe / Cruthaithe: Пермь, Пермское книжное издательство, 1981
Ábhair:
Formáid: MixedMaterials LEABHAR
KOHA link:https://koha.lib.tpu.ru/cgi-bin/koha/opac-detail.pl?biblionumber=224287

MARC

LEADER 00000nam0a2200000 4500
001 224287
005 20231101230600.0
010 |b 10000 экз. 
035 |a (RuTPU)RU\TPU\book\244590 
090 |a 224287 
100 |a 20121023d1981 m y0rusy50 ca 
101 0 |a rus 
102 |a RU 
105 |a a z 000gy 
200 1 |a Милые красавицы России  |e стихи  |f сост. Л. И. Давыдычев ; худож. М. Тарасова 
210 |a Пермь  |c Пермское книжное издательство  |d 1981 
215 |a 167 с.  |c ил.  |d 7,5 см. 
300 |a Авт. указаны в содерж. 
300 |a В суперобложке. 
606 |a Русская литература современная  |2 stltpush  |3 (RuTPU)RU\TPU\subj\26373  |9 50316 
610 1 |a советская литература 
610 1 |a поэзия 
610 1 |a лирика 
610 1 |a стихи 
610 1 |a миниатюрные издания 
675 |a Р2  |v 3 
702 1 |a Давыдычев  |b Л. И.  |4 220 
702 1 |a Тарасова  |b М.  |4 440 
801 1 |a RU  |b 63413507  |c 20121023 
801 2 |a RU  |b 63413507  |c 20191220  |g RCR 
942 |c BK